Shafi'i Majority Countries - Statistics

General Stats
  • This quiz has been taken 45 times
    31 since last reset
  • The average score is 6 of 9
Answer Stats
1 Continents Countries % Correct
id Asia Indonesia
85%
my Asia Malaysia
81%
bn Asia Brunei
73%
so Africa Somalia
65%
dj Africa Djibouti
62%
mv Asia Maldives
58%
km Africa Comoros
50%
ye Asia Yemen
50%
ps Asia Palestine
42%
No matching quizzes found
Score Distribution
Percent of People with Each Score
Percentile by Number Answered
Your Score History
You have not taken this quiz since the last reset